Quiz o Latowiczu - Statystyki

Ogólne statystyki
  • Ten quiz został rozwiązany 2 razy
  • Średni wynik to 6 z 14
Statystyki odpowiedzi
Wskazówka Odpowiedź % Poprawnych
Gęstość Latowicza (w zaokrągleniu) {50} os./km²
100%
Województwo, w którym leży Latowicz mazowieckie
100%
Jaki serial komediowy nagrywano w gminie Latowicz, oraz jego okolicach? Ranczo
100%
Tablica rejestracyjna Latowicza WM
100%
Powiat, w którym leży Latowicz miński
50%
Klub piłkarski tego miasta {Olimpia} Latowicz
50%
Województwo, w którym leżał Latowicz w latach 1975-1998 siedleckie
50%
Co oznacza baranek boży z białą chorągiewką, którego widzimy na herbie i fladze Latowicza? Zmartwychwstałego Chrystusa
50%
Populacja Latowicza (w przybliżeniu) 1,300
0%
Rok, w którym Latowicz odzyskał prawa miejskie 2023
0%
Strefa numeracyjna Latowicza +48 {25}
0%
Burmistrz Latowicz Bogdan Świątek-Górski
0%
Który książe warszawski, potwierdził nadanie Latowiczu praw miejskich? Janusz I Starszy
0%
Jak się nazywała siedziba gminy (nieistniejącej gminy), która znajdowała się w Latowiczu? Wielgolas
0%
Nie znaleziono quizów pasujących do podanych kryteriów
Rozkład punktacji
Procent ludzi z każdym wynikiem
Percentyl według liczby udzielonych odpowiedzi
Twoja historia wyników
Nie rozwiązałeś tego quizu